[Event "BEL-chT 2223"]
[Site "Belgium"]
[Date "2023.03.05"]
[Round "8.3"]
[White "De Feijter, Bas"]
[Black "Verschraegen, Thomas"]
[Result "1-0"]
[WhiteElo "2207"]
[BlackElo "1945"]
[PlyCount "87"]
[EventDate "2022.09.25"]
[EventType "team-tourn"]
[EventRounds "11"]
[EventCountry "BEL"]
[SourceTitle "CBM 213 Extra"]
[Source "ChessBase"]
[SourceDate "2023.05.31"]
[SourceVersion "1"]
[SourceVersionDate "2023.05.31"]
[SourceQuality "1"]
[WhiteTeam "Wetteren"]
[BlackTeam "Wachtebeke"]
[WhiteTeamCountry "BEL"]
[BlackTeamCountry "BEL"]

1. d4 d5 2. c4 c6 3. Nf3 e6 4. Qc2 dxc4 5. Qxc4 Qd5 6. Qc2 Nf6 7. g3 b6 8. Bg2 Bb7 9. Nc3 Qd8 10. 0-0 Be7 11. Rd1 0-0 12. a4 Na6 13. e4 Qc8 14. Bg5 Nb4 15. Qb3 c5 16. Bxf6 Bxf6 17. Nb5 Rd8 18. dxc5 bxc5 19. Nd6 Rxd6 20. Rxd6 Bxe4 21. Ne1 Bxg2 22. Kxg2 Rb8 23. Qc4 Nd5 24. Qa6 Qf8 25. Rd7 Rxb2 26. Rc1 Bd4 27. Nc2 Bf6 28. Rxa7 Rb8 29. Rb7 Ra8 30. Ra7 Rb8 31. Qc4 h5 32. a5 h4 33. a6 Qc8 34. Ne3 Nxe3+ 35. fxe3 Qc6+ 36. e4 g5 37. Rc2 g4 38. gxh4 Bxh4 39. Qe2 f5 40. Qd3 f4 41. Rc1 Rb2+ 42. Kh1 f3 43. Rd1 Rb8 44. Qc3 1-0

[Event "Wachtebeke op"]
[Site "Wachtebeke"]
[Date "2022.02.28"]
[Round "4"]
[White "Verschraegen, Thomas"]
[Black "Knudsen, Simon"]
[Result "1/2-1/2"]
[WhiteElo "1893"]
[BlackElo "2203"]
[PlyCount "27"]
[EventDate "2022.02.26"]
[EventType "swiss"]
[EventRounds "9"]
[EventCountry "BEL"]
[SourceTitle "CBM 207 Extra"]
[Source "ChessBase"]
[SourceDate "2022.05.31"]
[SourceVersion "1"]
[SourceVersionDate "2022.05.31"]
[SourceQuality "1"]

1. e4 g6 2. d4 Bg7 3. Nc3 d6 4. Bg5 a6 5. f4 b5 6. Nf3 Bb7 7. Bd3 b4 8. Ne2 Nd7 9. e5 c5 10. c3 bxc3 11. bxc3 Qc7 12. 0-0 Nh6 13. Qe1 e6 14. Ng3 1/2-1/2

[Event "Vlissingen HZ op 21st"]
[Site "Vlissingen"]
[Date "2017.08.09"]
[Round "6"]
[White "Kersten, Uwe"]
[Black "Verschraegen, Thomas"]
[Result "1-0"]
[WhiteElo "2245"]
[BlackElo "1799"]
[PlyCount "65"]
[EventDate "2017.08.05"]
[EventType "swiss"]
[EventRounds "9"]
[EventCountry "NED"]
[SourceTitle "CBM 179 Extra"]
[Source "ChessBase"]
[SourceDate "2017.08.23"]
[SourceVersion "1"]
[SourceVersionDate "2017.08.23"]
[SourceQuality "1"]

1. e4 c5 2. Nf3 Nc6 3. Bb5 Nf6 4. Bxc6 dxc6 5. d3 Bg4 6. h3 Bxf3 7. Qxf3 Qc7 8. Nd2 Nd7 9. 0-0 e6 10. b3 Be7 11. Bb2 Bf6 12. Bxf6 Nxf6 13. Rae1 e5 14. Nc4 Nd7 15. Qg3 g6 16. f4 f6 17. fxe5 fxe5 18. Qg4 Ke7 19. Qg5+ Ke6 20. Rf2 Raf8 21. Ref1 Rxf2 22. Rxf2 Qd8 23. Qg4+ Ke7 24. Qg3 Ke6 25. a4 b6 26. Qf3 Qe8 27. Qg4+ Ke7 28. Qg5+ Ke6 29. Rf6+ Nxf6 30. Qxe5+ Kf7 31. Nd6+ Kg7 32. Nxe8+ Rxe8 33. Qc7+ 1-0

[Event "Vlissingen HZ op 21st"]
[Site "Vlissingen"]
[Date "2017.08.05"]
[Round "1"]
[White "Verschraegen, Thomas"]
[Black "Bluhm, Sonja Maria"]
[Result "0-1"]
[WhiteElo "1799"]
[BlackElo "2255"]
[PlyCount "50"]
[EventDate "2017.08.05"]
[EventType "swiss"]
[EventRounds "9"]
[EventCountry "NED"]
[SourceTitle "CBM 179 Extra"]
[Source "ChessBase"]
[SourceDate "2017.08.23"]
[SourceVersion "1"]
[SourceVersionDate "2017.08.23"]
[SourceQuality "1"]

1. e4 c5 2. Nf3 Nc6 3. d4 cxd4 4. Nxd4 Nf6 5. Nc3 e6 6. Ndb5 Bc5 7. Bf4 0-0 8. Bc7 Qe7 9. Bd6 Bxd6 10. Qxd6 Qd8 11. Nc7 Ne8 12. Nxe8 Rxe8 13. 0-0-0 a6 14. f4 b5 15. e5 Qa5 16. Kb1 Ra7 17. Be2 Rc7 18. Bf3 Bb7 19. Rd2 Rec8 20. Rhd1 h6 21. Be4 b4 22. Ne2 b3 23. a3 Nxe5 24. fxe5 Bxe4 25. Nd4 bxc2+ 0-1

[Event "Brasschaat op 15th"]
[Site "Brasschaat"]
[Date "2015.08.15"]
[Round "1"]
[White "Kasparov, Sergey"]
[Black "Verschraegen, Thomas"]
[Result "1-0"]
[WhiteElo "2475"]
[BlackElo "1780"]
[PlyCount "65"]
[EventDate "2015.08.15"]
[EventType "swiss"]
[EventRounds "9"]
[EventCountry "BEL"]
[SourceTitle "EXT 2016"]
[Source "ChessBase"]
[SourceDate "2015.10.08"]
[SourceVersion "1"]
[SourceVersionDate "2015.10.08"]
[SourceQuality "1"]

1. e4 c5 2. Nf3 Nc6 3. Bb5 e6 4. Bxc6 bxc6 5. d3 Ne7 6. Qe2 Ng6 7. h4 Qc7 8. h5 Ne5 9. Nxe5 Qxe5 10. f4 Qc7 11. c4 Be7 12. Nc3 Bb7 13. Bd2 d5 14. b3 0-0-0 15. 0-0-0 f5 16. e5 Rdg8 17. Na4 Kb8 18. Qf2 d4 19. Kb1 Qd8 20. Bc1 g6 21. Ba3 Qf8 22. g3 g5 23. Qd2 gxf4 24. gxf4 Rg4 25. Rhf1 Rhg8 26. Qa5 Qh6 27. Nxc5 Rxf4 28. Nd7+ Kc8 29. Bxe7 Rxf1 30. Rxf1 Kxd7 31. Bd6 Ke8 32. Qxa7 Qxh5 33. Qxb7 1-0

[Event "Lille Luce op 6th"]
[Site "Lille"]
[Date "2015.05.06"]
[Round "3"]
[White "Van Foreest, Jorden"]
[Black "Verschraegen, Thomas"]
[Result "1-0"]
[WhiteElo "2519"]
[BlackElo "1752"]
[PlyCount "27"]
[EventDate "2015.05.04"]
[EventType "swiss"]
[EventRounds "9"]
[EventCountry "FRA"]
[SourceTitle "EXT 2017"]
[Source "ChessBase"]
[SourceDate "2016.10.25"]
[SourceVersion "1"]
[SourceVersionDate "2016.10.25"]
[SourceQuality "1"]

1. c4 c5 2. Nf3 Nf6 3. Nc3 Nc6 4. d4 cxd4 5. Nxd4 e6 6. g3 Qb6 7. Ndb5 Ne5 8. Bf4 d6 9. Bg2 Be7 10. c5 Qxc5 11. Be3 Qb4 12. Nc7+ Kf8 13. Nxa8 Qxb2 14. Qc1 1-0

[Event "Lille Luce op 6th"]
[Site "Lille"]
[Date "2015.05.06"]
[Round "4"]
[White "Verschraegen, Thomas"]
[Black "Mokal, Amruta Sunil"]
[Result "0-1"]
[WhiteElo "1752"]
[BlackElo "2130"]
[PlyCount "27"]
[EventDate "2015.05.04"]
[EventType "swiss"]
[EventRounds "9"]
[EventCountry "FRA"]
[SourceTitle "EXT 2017"]
[Source "ChessBase"]
[SourceDate "2016.10.25"]
[SourceVersion "1"]
[SourceVersionDate "2016.10.25"]
[SourceQuality "1"]

1. e4 c5 2. Nf3 e6 3. d4 cxd4 4. Nxd4 a6 5. Nc3 Qc7 6. Be3 Nf6 7. a3 Nc6 8. Bd3 Ne5 9. Qd2 Nfg4 10. Nb3 Nxd3+ 11. Qxd3 Bd6 12. g3 b5 13. 0-0 Bb7 14. Qd4 0-1

[Event "Lille Luce op 6th"]
[Site "Lille"]
[Date "2015.??.??"]
[Round "8.52"]
[White "Verschraegen, Thomas"]
[Black "Rommelaere, Stephane"]
[Result "1-0"]
[WhiteElo "1752"]
[BlackElo "1539"]
[PlyCount "56"]
[EventDate "2015.05.04"]
[EventType "swiss"]
[EventRounds "9"]
[EventCountry "FRA"]
[SourceTitle "EXT 2017"]
[Source "ChessBase"]
[SourceDate "2016.10.25"]
[SourceVersion "1"]
[SourceVersionDate "2016.10.25"]
[SourceQuality "1"]

1. e4 e6 2. Nc3 d5 3. Nf3 d4 4. Ne2 c5 5. c3 Nc6 6. cxd4 cxd4 7. Qa4 Bc5 8. b4 Bb6 9. Ba3 Bd7 10. b5 Nce7 11. Nexd4 Nf6 12. Bd3 a6 13. Qb4 Ba5 14. Qb1 h6 15. 0-0 0-0 16. Rd1 axb5 17. Nxb5 Bb6 18. Qb4 Nc6 19. Qxf8+ Qxf8 20. Bxf8 Rxf8 21. Nd6 Rb8 22. Rab1 Bc7 23. Nxb7 e5 24. Nc5 Bg4 25. Rxb8+ Bxb8 26. Rb1 Ba7 27. Na4 Bxf3 28. gxf3 Bb8 1-0

[Event "Teplice op 7th"]
[Site "Teplice"]
[Date "2012.06.23"]
[Round "8"]
[White "Verschraegen, Thomas"]
[Black "Zdravkovic, Dragan S"]
[Result "0-1"]
[WhiteElo "1760"]
[BlackElo "1934"]
[PlyCount "51"]
[EventDate "2012.06.16"]
[EventType "swiss"]
[EventRounds "9"]
[EventCountry "CZE"]
[SourceTitle "CBM 149 Extra"]
[Source "ChessBase"]
[SourceDate "2012.08.24"]
[SourceVersion "1"]
[SourceVersionDate "2012.08.24"]
[SourceQuality "1"]

1. e4 e5 2. Nf3 Nc6 3. Bc4 Bc5 4. b4 Bxb4 5. c3 Be7 6. d4 d6 7. dxe5 dxe5 8. Qb3 Na5 9. Bxf7+ Kf8 10. Qa4 Kxf7 11. Qxa5 Bf6 12. Nxe5+ Kf8 13. Ba3+ Be7 14. 0-0 b6 15. Qb5 c5 16. Nc6 Qd7 17. Nxa7 Qxa7 18. Rd1 Ba6 19. Qb3 Qc7 20. Nd2 g6 21. Nf3 Kg7 22. Qe6 Bc8 23. Qh3 Bg4 24. Rd3 Rd8 25. Rad1 Rxd3 26. Rxd3 0-1

[Event "Teplice op 7th"]
[Site "Teplice"]
[Date "2012.06.22"]
[Round "7"]
[White "Verschraegen, Thomas"]
[Black "Hanl, Frantisek"]
[Result "1-0"]
[WhiteElo "1760"]
[BlackElo "1928"]
[PlyCount "83"]
[EventDate "2012.06.16"]
[EventType "swiss"]
[EventRounds "9"]
[EventCountry "CZE"]
[SourceTitle "CBM 149 Extra"]
[Source "ChessBase"]
[SourceDate "2012.08.24"]
[SourceVersion "1"]
[SourceVersionDate "2012.08.24"]
[SourceQuality "1"]

1. e4 e6 2. d4 d5 3. Nc3 Nf6 4. Bg5 Be7 5. e5 Nfd7 6. h4 c5 7. Bxe7 Qxe7 8. Nb5 Kd8 9. c3 Nc6 10. f4 cxd4 11. cxd4 Qb4+ 12. Qd2 a6 13. Nd6 Qxd2+ 14. Kxd2 Rf8 15. Nf3 f6 16. Bd3 fxe5 17. fxe5 h6 18. Bg6 Nb6 19. b3 Bd7 20. Rac1 Kc7 21. Ke3 Nc8 22. Nxc8 Raxc8 23. Ne1 Kb6 24. Nd3 Rc7 25. Rhf1 Rxf1 26. Rxf1 Ne7 27. Bh7 Nf5+ 28. Bxf5 exf5 29. Rc1 Rxc1 30. Nxc1 Kb5 31. Nd3 b6 32. a4+ Ka5 33. Nf4 g5 34. hxg5 hxg5 35. Nxd5 Bc6 36. Ne7 Be4 37. d5 b5 38. d6 Kb6 39. e6 Bxg2 40. Nxf5 Kc6 41. e7 Kd7 42. Ng7 1-0

[Event "Vlissingen HZ op 15th"]
[Site "Vlissingen"]
[Date "2011.08.02"]
[Round "5"]
[White "Verschraegen, Thomas"]
[Black "Van de Wynkele, Eric"]
[Result "0-1"]
[WhiteElo "1795"]
[BlackElo "2086"]
[PlyCount "58"]
[EventDate "2011.07.30"]
[EventType "swiss"]
[EventRounds "9"]
[EventCountry "NED"]
[SourceTitle "CBM 143 Extra"]
[Source "ChessBase"]
[SourceDate "2011.08.29"]
[SourceVersion "1"]
[SourceVersionDate "2011.08.29"]
[SourceQuality "1"]

1. e4 Nf6 2. e5 Nd5 3. d4 d6 4. c4 Nb6 5. exd6 exd6 6. Nc3 Nc6 7. Bd3 Nxd4 8. Bxh7 Qe7+ 9. Be3 Rxh7 10. Qxd4 Rh4 11. Nd5 Rxd4 12. Nxe7 Rxc4 13. Nxc8 Rxc8 14. Kd2 d5 15. a3 Re4 16. Re1 Nc4+ 17. Kc3 Bc5 18. Nf3 Nxe3 19. fxe3 Kf8 20. Rhf1 Rce8 21. Ng5 Rxe3+ 22. Rxe3 Rxe3+ 23. Kd2 Re7 24. Rf3 f6 25. Nh3 Re4 26. Rg3 Bb6 27. Rd3 c6 28. b4 g5 29. Rf3 g4 0-1